[Event "Olsztyn op"]
[Site "Olsztyn"]
[Date "2010.05.29"]
[Round "6"]
[White "Lipiejko, Artur"]
[Black "Jozwik, Rafal"]
[Result "1/2-1/2"]
[WhiteElo "1896"]
[BlackElo "2104"]
[PlyCount "122"]
[EventDate "2010.05.22"]
[EventType "swiss"]
[EventRounds "9"]
[EventCountry "POL"]
[SourceTitle "CBM 136 Extra"]
[Source "ChessBase"]
[SourceDate "2010.07.02"]
[SourceVersion "2"]
[SourceVersionDate "2010.07.15"]
[SourceQuality "1"]

1. d4 d5 2. c4 e6 3. Nf3 c6 4. Nc3 Nf6 5. Bg5 dxc4 6. e4 b5 7. e5 h6 8. Bh4 g5 9. Nxg5 hxg5 10. Bxg5 Be7 11. Bxf6 Bxf6 12. exf6 Qxf6 13. Qd2 Qh6 14. f4 Nd7 15. Ne4 0-0 16. 0-0-0 Nb6 17. g4 f5 18. g5 Qh4 19. Nf6+ Rxf6 20. gxf6 Nd5 21. Rg1+ Kf7 22. Qg2 Qxf4+ 23. Rd2 Qg4 24. Qxg4 fxg4 25. Rxg4 e5 26. Rh4 exd4 27. Rf2 Be6 28. Bh3 Bxh3 29. Rxh3 Rf8 30. Rh7+ Ke6 31. f7 Nb4 32. Re2+ Kf6 33. a3 Nd3+ 34. Kc2 Kg6 35. Re8 Rxf7 36. Rxf7 Kxf7 37. Ra8 Ne1+ 38. Kd1 Nd3 39. Rxa7+ Ke6 40. Kc2 Ne1+ 41. Kd2 Nf3+ 42. Ke2 Nxh2 43. Rg7 d3+ 44. Kf2 Kf5 45. Rc7 Ng4+ 46. Kf3 Ne5+ 47. Ke3 Ng4+ 48. Kd2 Ne5 49. Rc8 Ke4 50. Re8 Kd4 51. Rd8+ Kc5 52. Ke3 Ng4+ 53. Kf4 Nf6 54. Ke3 Nd5+ 55. Kd2 Nb6 56. Kd1 Nd5 57. Kd2 Nf6 58. Ke3 Nd5+ 59. Kd2 Nb6 60. Kd1 Na4 61. Kc1 Nb6 1/2-1/2

[Event "Olsztyn op"]
[Site "Olsztyn"]
[Date "2010.05.29"]
[Round "7"]
[White "Reza, Wojciech"]
[Black "Jozwik, Rafal"]
[Result "1-0"]
[WhiteElo "1936"]
[BlackElo "2104"]
[PlyCount "93"]
[EventDate "2010.05.22"]
[EventType "swiss"]
[EventRounds "9"]
[EventCountry "POL"]
[SourceTitle "CBM 136 Extra"]
[Source "ChessBase"]
[SourceDate "2010.07.02"]
[SourceVersion "2"]
[SourceVersionDate "2010.07.15"]
[SourceQuality "1"]

1. e4 e5 2. Nf3 Nc6 3. d4 exd4 4. Nxd4 Nf6 5. Nxc6 bxc6 6. Bd3 d5 7. Nd2 Be7 8. 0-0 0-0 9. c4 Be6 10. Qc2 h6 11. b3 Bd6 12. Bb2 Nd7 13. exd5 cxd5 14. cxd5 Bxd5 15. Nc4 Qg5 16. g3 Bc5 17. Be4 Rfe8 18. Bxd5 Qxd5 19. Rad1 Qc6 20. Na5 Qb5 21. Rxd7 Qxa5 22. Qf5 Rf8 23. Qe5 f6 24. Qe6+ Kh8 25. Qg4 Rg8 26. Qg6 Qb6 27. b4 Bxb4 28. Rf7 Raf8 29. Bxf6 Qxf6 30. Rxf6 Rxf6 31. Qe4 Bc5 32. Kg2 Rd8 33. Qc4 Bb6 34. f4 Rd4 35. Qe2 a5 36. Rd1 Rfd6 37. Rxd4 Rxd4 38. Kf3 Rd6 39. f5 Rf6 40. Kg4 Rd6 41. Kh5 Kg8 42. Qe8+ Kh7 43. h4 Rd2 44. Qg6+ Kh8 45. f6 Rd5+ 46. Kg4 h5+ 47. Kh3 1-0

[Event "Olsztyn op"]
[Site "Olsztyn"]
[Date "2010.05.23"]
[Round "4"]
[White "Adamowicz, Piotr"]
[Black "Jozwik, Rafal"]
[Result "0-1"]
[WhiteElo "1355"]
[BlackElo "2104"]
[PlyCount "192"]
[EventDate "2010.05.22"]
[EventType "swiss"]
[EventRounds "9"]
[EventCountry "POL"]
[SourceTitle "CBM 136 Extra"]
[Source "ChessBase"]
[SourceDate "2010.07.02"]
[SourceVersion "2"]
[SourceVersionDate "2010.07.15"]
[SourceQuality "1"]

1. e4 d5 2. exd5 Nf6 3. Nc3 Nxd5 4. Nxd5 Qxd5 5. Qf3 c6 6. Qxd5 cxd5 7. Bb5+ Nc6 8. Nf3 Bd7 9. 0-0 g6 10. c3 Bg7 11. d4 f6 12. Re1 Kf7 13. Bf4 Rad8 14. h3 a6 15. Ba4 Rhe8 16. Re2 Nxd4 17. Nxd4 Bxa4 18. b3 e5 19. bxa4 exf4 20. Rb1 Rxe2 21. Nxe2 Rd7 22. Nxf4 f5 23. Rb3 Ke7 24. Kf1 Kd6 25. Ke2 Kc6 26. Nd3 a5 27. Kd2 Re7 28. f3 Bh6+ 29. Kd1 Re3 30. Ne1 b6 31. c4 dxc4 32. Rxe3 Bxe3 33. Kc2 Bd4 34. Kd2 Kd5 35. Nc2 Bf6 36. Ke3 Kc5 37. g4 fxg4 38. fxg4 Kd5 39. Kf4 c3 40. Ke3 Kc4 41. Ke4 Bg5 42. Ke5 Kd3 43. Nd4 Bf6+ 44. Kxf6 Kxd4 45. Kg7 c2 46. Kxh7 g5 47. h4 gxh4 48. g5 c1R 49. g6 h3 50. g7 Rg1 51. g8Q Rxg8 52. Kxg8 h2 53. Kf7 Kc4 54. Ke6 Kb4 55. Kd5 Kxa4 56. Kc6 b5 57. Kc5 b4 58. Kc4 Ka3 59. Kb5 a4 60. Ka5 b3 61. axb3 axb3 62. Kb5 b2 63. Kc4 b1N 64. Kd4 Kb3 65. Kd3 Nc3 66. Kd4 Kc2 67. Ke5 Kd3 68. Kf4 Kd4 69. Kg3 h1B 70. Kg4 Nd5 71. Kg5 Be4 72. Kh6 Ke5 73. Kg7 Ke6 74. Kh8 Nf4 75. Kg7 Nd3 76. Kg8 Ne5 77. Kg7 Bf3 78. Kg8 Nf7 79. Kg7 Be4 80. Kg8 Kf6 81. Kf8 Bh7 82. Ke8 Ne5 83. Kf8 Nd7+ 84. Ke8 Ke6 85. Kd8 Kd6 86. Ke8 Bg6+ 87. Kd8 Nc5 88. Kc8 Bf7 89. Kd8 Nb7+ 90. Kc8 Kc6 91. Kb8 Kb6 92. Kc8 Be6+ 93. Kb8 Nc5 94. Ka8 Bf5 95. Kb8 Na6+ 96. Ka8 Be4# 0-1

[Event "Olsztyn op"]
[Site "Olsztyn"]
[Date "2010.05.22"]
[Round "2"]
[White "Renkowski, Piotr"]
[Black "Jozwik, Rafal"]
[Result "1-0"]
[WhiteElo "1898"]
[BlackElo "2104"]
[PlyCount "73"]
[EventDate "2010.05.22"]
[EventType "swiss"]
[EventRounds "9"]
[EventCountry "POL"]
[SourceTitle "CBM 136 Extra"]
[Source "ChessBase"]
[SourceDate "2010.07.02"]
[SourceVersion "2"]
[SourceVersionDate "2010.07.15"]
[SourceQuality "1"]

1. e4 e5 2. Nf3 Nc6 3. Bc4 Bc5 4. Nc3 Nf6 5. d3 a6 6. a3 d6 7. Bg5 Be6 8. Nd5 Bxd5 9. Bxd5 Qd7 10. Bxf6 gxf6 11. Nh4 0-0-0 12. c3 Ne7 13. Bxf7 f5 14. Qb3 d5 15. Nxf5 Nxf5 16. Bxd5 Qb5 17. Qxb5 axb5 18. Be6+ Kb8 19. Bxf5 Rxd3 20. Ke2 Rhd8 21. Rad1 Rxd1 22. Rxd1 Rxd1 23. Kxd1 Bxf2 24. Bxh7 Kc8 25. Bf5+ Kd8 26. Ke2 Bg1 27. h4 Bh2 28. Kf3 Bf4 29. g4 Bc1 30. b4 Bxa3 31. g5 Ke7 32. h5 Bc1 33. Kg4 Kf7 34. h6 Bd2 35. g6+ Kf6 36. g7 Kf7 37. Be6+ 1-0

[Event "Olsztyn-ch"]
[Site "Olsztyn"]
[Date "2008.04.19"]
[Round "1.4"]
[White "Jozwik, Rafal"]
[Black "Lipiejko, Artur"]
[Result "1-0"]
[WhiteElo "2129"]
[BlackElo "1899"]
[PlyCount "110"]
[EventDate "2008.04.19"]
[EventType "swiss"]
[EventRounds "9"]
[EventCountry "POL"]
[SourceTitle "EXT 2023"]
[Source "ChessBase"]
[SourceDate "2022.10.05"]
[SourceVersion "1"]
[SourceVersionDate "2022.10.05"]
[SourceQuality "1"]

1. e4 e5 2. d4 exd4 3. c3 dxc3 4. Nxc3 d6 5. Bc4 Nc6 6. Nf3 Be7 7. Qb3 Be6 8. Qxb7 Bd7 9. Nd5 Rc8 10. Qa6 Nf6 11. 0-0 Nxe4 12. Re1 Nc5 13. Nxe7 Nxe7 14. Qa3 0-0 15. Bg5 Ne6 16. Bh4 Qe8 17. Qxa7 Ng6 18. Bg3 Qd8 19. Rad1 Qf6 20. Re2 Bc6 21. Qe3 h5 22. Bxe6 Bxf3 23. Qxf3 fxe6 24. Qxh5 e5 25. Re4 c6 26. Rg4 Ne7 27. Bh4 Qf5 28. Qxf5 Nxf5 29. Bg5 d5 30. f3 Kf7 31. Rb4 Rb8 32. Rxb8 Rxb8 33. Rd2 Ke6 34. Kf2 Nd6 35. Rc2 Rc8 36. Re2 d4 37. Bf4 e4 38. fxe4 Rf8 39. Kg3 d3 40. Re1 c5 41. b3 Ra8 42. Bxd6 Kxd6 43. Rd1 Ke5 44. Rxd3 Kxe4 45. Rd2 Ra6 46. Rc2 Rg6+ 47. Kf2 Rf6+ 48. Ke2 Rg6 49. Rc4+ Kd5 50. Kf3 Ra6 51. Rc2 Kd4 52. Rc4+ Kd5 53. Rc2 Kd4 54. g4 g5 55. Kg3 Re6 1-0

[Event "POL-chT 1st League"]
[Site "Opole"]
[Date "2006.09.07"]
[Round "6"]
[White "Jozwik, Rafal"]
[Black "Murawski, Grzegorz"]
[Result "0-1"]
[WhiteElo "2168"]
[BlackElo "2311"]
[PlyCount "68"]
[EventDate "2006.09.01"]
[EventType "team-tourn"]
[EventRounds "9"]
[EventCountry "POL"]
[SourceTitle "CBM 114 Extra"]
[Source "ChessBase"]
[SourceDate "2006.11.03"]
[SourceVersion "1"]
[SourceVersionDate "2006.11.03"]
[SourceQuality "1"]
[WhiteTeam "Ostroda Ostrodzianka"]
[BlackTeam "Kozuchow Odrodzenie"]
[WhiteTeamCountry "POL"]
[BlackTeamCountry "POL"]

1. e4 e5 2. Nf3 d6 3. d4 exd4 4. Nxd4 Nf6 5. Nc3 Be7 6. Be2 0-0 7. 0-0 c6 8. a4 d5 9. exd5 Nxd5 10. Nxd5 Qxd5 11. Bf3 Qa5 12. Be3 Bf6 13. c3 Nd7 14. Qb3 Ne5 15. Be2 Qc7 16. h3 b6 17. a5 Bb7 18. axb6 axb6 19. Nf3 c5 20. Nxe5 Bxe5 21. Bc4 Qc6 22. f3 Bc7 23. Rxa8 Bxa8 24. Rd1 Qe8 25. Bc1 Bc6 26. Qc2 Qe5 27. f4 Qf6 28. Qf2 Re8 29. Bd5 Bb5 30. c4 Ba4 31. Re1 Rd8 32. Qe3 Kf8 33. Re2 Re8 34. Be4 Bd1 0-1

[Event "POL-chT 1st League"]
[Site "Opole"]
[Date "2006.09.03"]
[Round "2"]
[White "Strzemiecki, Zbigniew"]
[Black "Jozwik, Rafal"]
[Result "1/2-1/2"]
[WhiteElo "2366"]
[BlackElo "2168"]
[PlyCount "77"]
[EventDate "2006.09.01"]
[EventType "team-tourn"]
[EventRounds "9"]
[EventCountry "POL"]
[SourceTitle "CBM 114 Extra"]
[Source "ChessBase"]
[SourceDate "2006.11.03"]
[SourceVersion "1"]
[SourceVersionDate "2006.11.03"]
[SourceQuality "1"]
[WhiteTeam "Poznan Pocztowiec"]
[BlackTeam "Ostroda Ostrodzianka"]
[WhiteTeamCountry "POL"]
[BlackTeamCountry "POL"]

1. e4 e5 2. Nf3 Nc6 3. Bb5 Nf6 4. 0-0 Nxe4 5. d4 Nd6 6. Bxc6 dxc6 7. dxe5 Nf5 8. Qxd8+ Kxd8 9. Rd1+ Ke8 10. b3 Ne7 11. Ba3 Ng6 12. Bxf8 Rxf8 13. Nbd2 b6 14. Re1 c5 15. Nc4 Bb7 16. Ng5 h6 17. Ne4 Bd5 18. g3 Bxc4 19. bxc4 Rd8 20. f4 Rd4 21. Rad1 Ke7 22. Nc3 Rfd8 23. Nd5+ Kf8 24. Rxd4 cxd4 25. e6 Ne7 26. Nb4 Rd6 27. exf7 Kxf7 28. Nd3 Nf5 29. c5 Rd5 30. Ne5+ Kg8 31. cxb6 axb6 32. Re4 Ne3 33. Nc6 Rc5 34. Nxd4 Nxc2 35. Nf3 Ra5 36. a4 c5 37. Re6 Nd4 38. Nxd4 cxd4 39. Rxb6 1/2-1/2

[Event "POL-chT 1st League"]
[Site "Opole"]
[Date "2006.09.02"]
[Round "1"]
[White "Jozwik, Rafal"]
[Black "Plonczak, Dominik"]
[Result "0-1"]
[WhiteElo "2168"]
[BlackElo "2096"]
[PlyCount "64"]
[EventDate "2006.09.01"]
[EventType "team-tourn"]
[EventRounds "9"]
[EventCountry "POL"]
[SourceTitle "CBM 114 Extra"]
[Source "ChessBase"]
[SourceDate "2006.11.03"]
[SourceVersion "1"]
[SourceVersionDate "2006.11.03"]
[SourceQuality "1"]
[WhiteTeam "Ostroda Ostrodzianka"]
[BlackTeam "Poznan Lech"]
[WhiteTeamCountry "POL"]
[BlackTeamCountry "POL"]

1. e4 e6 2. d4 d5 3. e5 c5 4. c3 Nc6 5. Nf3 Qb6 6. a3 Nh6 7. b4 cxd4 8. Bxh6 gxh6 9. cxd4 Rg8 10. Nc3 Rg4 11. Na4 Qd8 12. g3 Bg7 13. h3 Re4+ 14. Be2 Nxd4 15. Nxd4 Bxe5 16. Nf3 Bxa1 17. Qxa1 d4 18. Nc5 Rxe2+ 19. Kxe2 b6 20. Nb3 Ba6+ 21. Kd2 Qd5 22. Nbxd4 e5 23. Nxe5 Rd8 24. Nef3 Qxf3 25. Qe1+ Kf8 26. Qe3 Qd5 27. b5 Bxb5 28. a4 Qxd4+ 29. Kc2 Bxa4+ 30. Kb1 Qb4+ 31. Ka1 Qd4+ 32. Kb1 Qxe3 0-1

[Event "POL-chT 1st League"]
[Site "Jarnoltowek"]
[Date "2005.09.06"]
[Round "4.29"]
[White "Szczepanek, Radoslaw"]
[Black "Jozwik, Rafal"]
[Result "1/2-1/2"]
[WhiteElo "2164"]
[BlackElo "2188"]
[PlyCount "33"]
[EventDate "2005.09.03"]
[EventType "team-tourn"]
[EventRounds "9"]
[EventCountry "POL"]
[SourceTitle "EXT 2019"]
[Source "ChessBase"]
[SourceDate "2018.10.10"]
[SourceVersion "1"]
[SourceVersionDate "2018.10.10"]
[SourceQuality "1"]
[WhiteTeam "Raciborz Rzemioslo"]
[BlackTeam "Ostroda Ostrodzianka"]
[WhiteTeamCountry "POL"]
[BlackTeamCountry "POL"]

1. e4 e6 2. d4 d5 3. Nc3 dxe4 4. Nxe4 Nd7 5. Nf3 Ngf6 6. Bg5 Be7 7. Nxf6+ Bxf6 8. Bxf6 Qxf6 9. Bd3 0-0 10. Qe2 c5 11. Qe4 g6 12. 0-0 cxd4 13. Qxd4 Qxd4 14. Nxd4 Nc5 15. Be2 e5 16. Nb5 Bf5 17. Nd6 1/2-1/2

[Event "POL-chT 1st League"]
[Site "Jarnoltowek"]
[Date "2005.09.05"]
[Round "3.11"]
[White "Jozwik, Rafal"]
[Black "Pazdziora, Michal"]
[Result "1-0"]
[WhiteElo "2188"]
[BlackElo "2045"]
[PlyCount "73"]
[EventDate "2005.09.03"]
[EventType "team-tourn"]
[EventRounds "9"]
[EventCountry "POL"]
[SourceTitle "EXT 2019"]
[Source "ChessBase"]
[SourceDate "2018.10.10"]
[SourceVersion "1"]
[SourceVersionDate "2018.10.10"]
[SourceQuality "1"]
[WhiteTeam "Ostroda Ostrodzianka"]
[BlackTeam "Dankowice Pasjonat"]
[WhiteTeamCountry "POL"]
[BlackTeamCountry "POL"]

1. e4 c5 2. d4 cxd4 3. c3 d5 4. exd5 Qxd5 5. cxd4 Nc6 6. Nf3 Bg4 7. Nc3 Bxf3 8. gxf3 Qxd4 9. Qxd4 Nxd4 10. Nb5 Ne6 11. f4 g6 12. Bg2 Rb8 13. Be3 a6 14. Ba7 Rd8 15. Bxb7 axb5 16. Bc6+ Rd7 17. Bxb5 Kd8 18. Bb6+ Kc8 19. Rc1+ Kb7 20. Bxd7 Kxb6 21. Bxe6 fxe6 22. h4 Nf6 23. Rh3 Nd5 24. Rb3+ Ka5 25. Rc5+ Ka6 26. Rc6+ Ka5 27. Rb7 Bg7 28. b4+ Nxb4 29. Rc5+ Ka4 30. Ra7+ Na6 31. Rxa6+ Kb4 32. Rc7 Rf8 33. Rb6+ Ka5 34. Rb3 Bd4 35. Rxe7 Rxf4 36. f3 Rxh4 37. Re8 1-0

[Event "POL-chT 2nd League"]
[Site "Polanica Zdroj"]
[Date "2004.09.06"]
[Round "3"]
[White "Jozwik, Rafal"]
[Black "Palacz, Krzysztof"]
[Result "1-0"]
[WhiteElo "2197"]
[BlackElo "2108"]
[PlyCount "59"]
[EventDate "2004.09.04"]
[EventType "team-swiss"]
[EventRounds "11"]
[EventCountry "POL"]
[SourceTitle "CBM 102 Extra"]
[Source "ChessBase"]
[SourceDate "2004.11.03"]
[SourceVersion "1"]
[SourceVersionDate "2004.11.03"]
[SourceQuality "1"]
[WhiteTeam "Ostroda Ostrodzianka"]
[BlackTeam "Czestochowa Hetman"]
[WhiteTeamCountry "POL"]
[BlackTeamCountry "POL"]

1. e4 c5 2. c3 d5 3. exd5 Qxd5 4. d4 Nc6 5. Nf3 Bg4 6. Be2 cxd4 7. cxd4 e6 8. Nc3 Qa5 9. 0-0 Nf6 10. h3 Bh5 11. a3 Bd6 12. Be3 0-0 13. Qb3 Ne7 14. Bd2 Rab8 15. Ne4 Qd8 16. Nxd6 Qxd6 17. Bb4 Qd8 18. Rac1 Nfd5 19. Rc5 b6 20. Rc2 Bg6 21. Rfc1 Nxb4 22. Qxb4 Nd5 23. Qa4 Nf4 24. Bb5 Be4 25. Rc3 Qf6 26. Re1 Nxh3+ 27. Kh2 Nxf2 28. Kg3 Nh3 29. Rxe4 Ng5 30. Rg4 1-0

[Event "POL-chT 2nd League"]
[Site "Polanica Zdroj"]
[Date "2004.09.06"]
[Round "4"]
[White "Miroslaw, Michal"]
[Black "Jozwik, Rafal"]
[Result "1/2-1/2"]
[WhiteElo "2213"]
[BlackElo "2197"]
[PlyCount "32"]
[EventDate "2004.09.04"]
[EventType "team-swiss"]
[EventRounds "11"]
[EventCountry "POL"]
[SourceTitle "CBM 102 Extra"]
[Source "ChessBase"]
[SourceDate "2004.11.03"]
[SourceVersion "1"]
[SourceVersionDate "2004.11.03"]
[SourceQuality "1"]
[WhiteTeam "Lublin Drakon"]
[BlackTeam "Ostroda Ostrodzianka"]
[WhiteTeamCountry "POL"]
[BlackTeamCountry "POL"]

1. e4 e5 2. Nf3 Nc6 3. Bb5 Nf6 4. 0-0 Nxe4 5. Re1 Nd6 6. Bxc6 dxc6 7. Nxe5 Be7 8. Nc3 0-0 9. d4 Be6 10. Be3 Nf5 11. Qd2 Re8 12. Ne2 c5 13. Rad1 Bf6 14. f4 Bxe5 15. dxe5 Qxd2 16. Bxd2 Bxa2 1/2-1/2

[Event "POL-chT 2nd League"]
[Site "Polanica Zdroj"]
[Date "2004.09.05"]
[Round "2"]
[White "Jozwik, Rafal"]
[Black "Mielczarski, Miroslaw"]
[Result "1/2-1/2"]
[WhiteElo "2197"]
[BlackElo "2256"]
[PlyCount "66"]
[EventDate "2004.09.04"]
[EventType "team-swiss"]
[EventRounds "11"]
[EventCountry "POL"]
[SourceTitle "CBM 102 Extra"]
[Source "ChessBase"]
[SourceDate "2004.11.03"]
[SourceVersion "1"]
[SourceVersionDate "2004.11.03"]
[SourceQuality "1"]
[WhiteTeam "Ostroda Ostrodzianka"]
[BlackTeam "Koszalin Hetman Politechnika"]
[WhiteTeamCountry "POL"]
[BlackTeamCountry "POL"]

1. e4 c5 2. c3 d5 3. exd5 Qxd5 4. d4 e6 5. Nf3 Nf6 6. Na3 Be7 7. Nb5 Qd8 8. dxc5 Bxc5 9. Qxd8+ Kxd8 10. Ne5 Rf8 11. Bg5 Nbd7 12. Rd1 a6 13. Nd4 Ke7 14. Nc4 Nb6 15. Ne5 Bd6 16. Nc4 Bc7 17. Be2 Nbd5 18. Nf5+ exf5 19. Rxd5 Be6 20. Rd1 b5 21. Ne3 Rfd8 22. 0-0 h6 23. Bxf6+ Kxf6 24. Bf3 Rxd1 25. Rxd1 Rd8 26. Rxd8 Bxd8 27. a3 Ke5 28. Bb7 a5 29. Bc6 b4 30. axb4 axb4 31. cxb4 f4 32. Nd1 Bb6 33. Nc3 g5 1/2-1/2

[Event "POL-chT 58th 1st League"]
[Site "Ustron"]
[Date "2002.??.??"]
[Round "?"]
[White "Halas, Przemyslaw"]
[Black "Jozwik, Rafal"]
[Result "1/2-1/2"]
[WhiteElo "2149"]
[BlackElo "2209"]
[PlyCount "53"]
[EventDate "2002.09.07"]
[EventType "team-tourn"]
[EventRounds "9"]
[EventCountry "POL"]
[SourceTitle "EXT 2019"]
[Source "ChessBase"]
[SourceDate "2018.10.10"]
[SourceVersion "1"]
[SourceVersionDate "2018.10.10"]
[SourceQuality "1"]
[WhiteTeam "Swiecie Gambit"]
[BlackTeam "Olsztyn Lacznosc"]
[WhiteTeamCountry "POL"]
[BlackTeamCountry "POL"]

1. d4 d5 2. c4 c6 3. Nf3 Nf6 4. e3 e6 5. Bd3 dxc4 6. Bxc4 Nbd7 7. 0-0 Bd6 8. b3 0-0 9. Bb2 Qc7 10. Nc3 e5 11. dxe5 Nxe5 12. Nxe5 Bxe5 13. h3 Bf5 14. Qf3 Bg6 15. Rad1 Rad8 16. Rxd8 Rxd8 17. Rd1 Rd7 18. Rxd7 Qxd7 19. Qd1 Qxd1+ 20. Nxd1 Nd7 21. f4 Bxb2 22. Nxb2 Kf8 23. Kf2 Ke7 24. g4 Bb1 25. a3 f6 26. Bd3 Bxd3 27. Nxd3 1/2-1/2

[Event "Malbork-ch"]
[Site "Malbork"]
[Date "2000.??.??"]
[Round "?"]
[White "Redlicki, Tomasz"]
[Black "Jozwik, Rafal"]
[Result "1/2-1/2"]
[WhiteElo "2045"]
[BlackElo "2195"]
[PlyCount "80"]
[EventDate "2000.??.??"]
[EventType "swiss"]
[EventRounds "9"]
[EventCountry "POL"]
[SourceTitle "EXT 2005"]
[Source "ChessBase"]
[SourceDate "2004.11.15"]
[SourceVersion "1"]
[SourceVersionDate "2004.11.15"]
[SourceQuality "1"]

1. e4 e5 2. Nf3 Nc6 3. Bb5 Nf6 4. 0-0 Nxe4 5. d4 Nd6 6. Bxc6 dxc6 7. dxe5 Nf5 8. Qxd8+ Kxd8 9. Rd1+ Ke8 10. Nc3 h6 11. b3 Be6 12. Bb2 Be7 13. Rd2 a5 14. a4 Bb4 15. Rd3 Ne7 16. Nd4 Bg4 17. Nce2 Nf5 18. h3 Nxd4 19. Nxd4 Bd7 20. Rad1 c5 21. e6 cxd4 22. exd7+ Ke7 23. Rxd4 f6 24. Re4+ Kf7 25. c4 Rhd8 26. Bc1 Bd6 27. Bf4 Bxf4 28. Rxf4 Ra6 29. Re4 Re6 30. Rxe6 Kxe6 31. Kf1 Rxd7 32. Rxd7 Kxd7 33. Ke2 Kd6 34. Kd3 Ke5 35. Ke3 g5 36. g3 h5 37. Kd3 f5 38. f3 f4 39. g4 hxg4 40. hxg4 c5 1/2-1/2

[Event "Krakow op-A"]
[Site "Krakow"]
[Date "1999.??.??"]
[Round "?"]
[White "Jozwik, Rafal"]
[Black "Niklasch, Oliver"]
[Result "1-0"]
[WhiteElo "2183"]
[BlackElo "2382"]
[PlyCount "59"]
[EventDate "1999.??.??"]
[EventType "swiss"]
[EventRounds "11"]
[EventCountry "POL"]
[SourceTitle "EXT 2002"]
[Source "ChessBase"]
[SourceDate "2001.11.25"]
[SourceVersion "1"]
[SourceVersionDate "2001.11.25"]
[SourceQuality "1"]

1. e4 c5 2. c3 Nf6 3. e5 Nd5 4. d4 cxd4 5. Qxd4 e6 6. Nf3 Nc6 7. Qe4 f5 8. exf6 Nxf6 9. Qe2 Be7 10. g3 0-0 11. Bg2 Qa5 12. 0-0 b6 13. c4 Bb7 14. Nc3 Qh5 15. Bf4 Rac8 16. Rad1 Na5 17. b3 a6 18. Ne5 Bxg2 19. Kxg2 Qe8 20. Nxd7 Nxd7 21. Qxe6+ Rf7 22. Rxd7 Rc6 23. Bd6 Qa8 24. Nd5 Rxd6 25. Rxd6 Bxd6 26. Qxd6 b5 27. Qb6 Nb7 28. Qc6 h6 29. Re1 Qa7 30. Qe8+ 1-0

[Event "Krakow op-A"]
[Site "Krakow"]
[Date "1999.??.??"]
[Round "?"]
[White "Jozwik, Rafal"]
[Black "Toczek, Grzegorz"]
[Result "0-1"]
[WhiteElo "2195"]
[BlackElo "2270"]
[PlyCount "56"]
[EventDate "1999.??.??"]
[EventType "swiss"]
[EventRounds "11"]
[EventCountry "POL"]
[SourceTitle "EXT 2002"]
[Source "ChessBase"]
[SourceDate "2001.11.25"]
[SourceVersion "1"]
[SourceVersionDate "2001.11.25"]
[SourceQuality "1"]

1. e4 c5 2. c3 g6 3. d4 cxd4 4. cxd4 d5 5. e5 Nc6 6. Nc3 Bg7 7. Be3 Nh6 8. Bd3 0-0 9. Nge2 Nf5 10. Bxf5 Bxf5 11. Qb3 e6 12. Qxb7 Na5 13. Qa6 Nc4 14. Bc1 f6 15. b3 fxe5 16. bxc4 exd4 17. Nd1 dxc4 18. Qxc4 Rc8 19. Qb3 Rc2 20. Ng3 d3 21. Bb2 Bxb2 22. Nxb2 Qa5+ 23. Kf1 Rxf2+ 24. Kxf2 Qd2+ 25. Ne2 Qxe2+ 26. Kg3 Qe5+ 27. Kf2 Bh3+ 28. Kg1 Qe3# 0-1

[Event "Krakow op-A"]
[Site "Krakow"]
[Date "1999.??.??"]
[Round "?"]
[White "Jozwik, Rafal"]
[Black "Vinogradov, Pavel"]
[Result "1/2-1/2"]
[WhiteElo "2183"]
[BlackElo "2199"]
[PlyCount "27"]
[EventDate "1999.??.??"]
[EventType "swiss"]
[EventRounds "11"]
[EventCountry "POL"]
[SourceTitle "EXT 2002"]
[Source "ChessBase"]
[SourceDate "2001.11.25"]
[SourceVersion "1"]
[SourceVersionDate "2001.11.25"]
[SourceQuality "1"]

1. e4 c5 2. c3 Nf6 3. e5 Nd5 4. d4 cxd4 5. Qxd4 e6 6. Nf3 Nc6 7. Qe4 d6 8. Nbd2 Qc7 9. exd6 Bxd6 10. Nc4 Be7 11. Nce5 Nxe5 12. Qxe5 0-0 13. Qxc7 Nxc7 14. Be2 1/2-1/2

[Event "Malbork-ch"]
[Site "Malbork"]
[Date "1999.??.??"]
[Round "?"]
[White "Szymczak, Zbigniew"]
[Black "Jozwik, Rafal"]
[Result "1/2-1/2"]
[WhiteElo "2295"]
[BlackElo "2183"]
[PlyCount "71"]
[EventDate "1999.??.??"]
[EventType "swiss"]
[EventRounds "9"]
[EventCountry "POL"]
[SourceTitle "EXT 2003"]
[Source "ChessBase"]
[SourceDate "2002.11.25"]
[SourceVersion "1"]
[SourceVersionDate "2002.11.25"]
[SourceQuality "1"]

1. d4 d5 2. c4 e6 3. Nc3 c6 4. Nf3 Nf6 5. Bg5 dxc4 6. e4 b5 7. e5 h6 8. Bh4 g5 9. Nxg5 hxg5 10. Bxg5 Be7 11. exf6 Bxf6 12. Bxf6 Qxf6 13. g3 Na6 14. Bg2 Bb7 15. a4 0-0-0 16. axb5 Rxd4 17. Qf3 Qxf3 18. Bxf3 cxb5 19. Bxb7+ Kxb7 20. Nxb5 Re4+ 21. Kf1 Rd8 22. h4 Nc5 23. h5 Nd3 24. h6 Re5 25. Nc3 f5 26. Rh4 Rc5 27. Ke2 Re5+ 28. Kf3 Ne1+ 29. Kf4 Nd3+ 30. Kg5 f4+ 31. Kg6 Rf5 32. h7 Ne5+ 33. Kh6 Rf6+ 34. Kg5 Rf5+ 35. Kh6 Rf6+ 36. Kg5 1/2-1/2